000 00614nam a2200205 a 4500
001 000012476
005 20240530073914.0
008 091113s1997 dr 001 f spa d
020 _a848953943X
040 _aDO-SdBNP
_bspa
_cBNPHU
082 _aRD863.44
_bL817g
100 1 _aLockward, Angel,
_911034
245 1 3 _aEl gabinete de la sombra /
_cÁngel Lockward.
260 _aSanto Domingo :
_bDe Colores,
_c1997.
300 _a253 p. ;
_c22 cm.
590 _aInventariado, 2019/BT
650 0 _aNovela dominicana
_9223
650 0 _aLiteratura dominicana.
_967
910 _aValidado. Control de calidad MMOLINA
999 _c12132
_d12132